| 000 | 00379nam a2200109 4500 | ||
|---|---|---|---|
| 999 |
_c9865 _d9865 |
||
| 008 | 180720b ||||| |||| 00| 0 eng d | ||
| 245 |
_aPols terrorizing island town in Sulu: _bResidents feel exec's wrath after rooting for new blood in local gov't. |
||
| 260 |
_aPhilippines _bPhilippine Daily Inquirer _cc2016 |
||
| 300 | _apage A8. | ||
| 650 | 0 |
_929179 _aTerrorism. |
|
| 942 |
_2ddc _cPER |
||